000 00505nam a22001697a 4500
999 _c40758
_d40758
003 OSt
005 20221103100805.0
008 191102b ||||| |||| 00| 0 eng d
020 _a9789384755171
040 _cMESKC library
082 _a891.434
_bSOL/N
100 _aSolanki, Geeta
_91
245 _aNari Chetna Aur Krishna Sobati Ke Upanyas /
_cDr.Geeta Solanki
260 _aDelhi :
_bSumith Books,
_c2015
300 _a192p
942 _2ddc
_cBK
_h891.434
_iSOL/N
_k891.434
_mSOL/N